000 00442nam a2200205Ia 4500
001 14302
003 GE_BSU
008 181216s||||||||xx |||||||||||||| ||und||
020 _a9780764570582
040 _cGE_BSU
080 _a613.2
100 _aDenby,Nigel
245 _aNutrition for Dummies
260 _aLondon
260 _bJohn Willey
260 _c2006
300 _a318p.24cm.
653 _aNutrition for Dummies
942 _cBK
999 _c47440
_d47440